Sports Quiz

Random Sports or College Quiz

College Football Wins by Decade Quiz Stats

 Plays Quiz Updated Dec 6, 2017

Challenge
Share
Tweet
Embed
Score 0/139 Timer 06:00
5 Plays Today
Team % Correct
Florida Gators
95.7%
Florida Gators
95.7%
Texas Longhorns
95%
Texas Longhorns
95%
Texas Longhorns
95%
Texas Longhorns
95%
Texas Longhorns
95%
Alabama Crimson Tide
94.1%
Alabama Crimson Tide
94.1%
Alabama Crimson Tide
94.1%
Alabama Crimson Tide
94.1%
Alabama Crimson Tide
94.1%
USC Trojans
93.7%
USC Trojans
93.7%
USC Trojans
93.7%
USC Trojans
93.7%
USC Trojans
93.7%
Michigan Wolverines
93.6%
Michigan Wolverines
93.6%
Michigan Wolverines
93.6%
Michigan Wolverines
93.6%
Michigan Wolverines
93.6%
Michigan Wolverines
93.6%
Michigan Wolverines
93.6%
Michigan Wolverines
93.6%
Ohio State Buckeyes
92.5%
Ohio State Buckeyes
92.5%
Ohio State Buckeyes
92.5%
Florida State Seminoles
90.8%
Oklahoma Sooners
90.7%
Oklahoma Sooners
90.7%
Oklahoma Sooners
90.7%
Oklahoma Sooners
90.7%
Oklahoma Sooners
90.7%
Oklahoma Sooners
90.7%
University of Miami Hurricanes
87.3%
University of Miami Hurricanes
87.3%
Miami University RedHawks
87%
Penn Quakers
86.4%
Penn Quakers
86.4%
Penn Quakers
86.4%
Penn Quakers
86.4%
Penn Quakers
86.4%
Notre Dame Fighting Irish
85.3%
Notre Dame Fighting Irish
85.3%
Notre Dame Fighting Irish
85.3%
Notre Dame Fighting Irish
85.3%
Team % Correct
Harvard Crimson
83.7%
Harvard Crimson
83.7%
Harvard Crimson
83.7%
Harvard Crimson
83.7%
Harvard Crimson
83.7%
Florida State Seminoles
83%
Georgia Bulldogs
82.9%
Georgia Bulldogs
82.9%
Georgia Bulldogs
82.9%
LSU Tigers
82.8%
LSU Tigers
82.8%
Yale Bulldogs
81.9%
Yale Bulldogs
81.9%
Yale Bulldogs
81.9%
Yale Bulldogs
81.9%
Nebraska Cornhuskers
81%
Nebraska Cornhuskers
81%
Nebraska Cornhuskers
81%
Nebraska Cornhuskers
81%
Penn State Nittany Lions
80.5%
Penn State Nittany Lions
80.5%
Penn State Nittany Lions
80.4%
Penn State Nittany Lions
80.4%
Michigan State Spartans
79.3%
Auburn Tigers
77%
Tennessee Volunteers
74.6%
Tennessee Volunteers
74.6%
Tennessee Volunteers
74.6%
Tennessee Volunteers
74.6%
Tennessee Volunteers
74.6%
Boise State Broncos
71.6%
Texas A&M Aggies
70.7%
Texas A&M Aggies
70.7%
Army Black Knights
67.1%
Army Black Knights
67.1%
Army Black Knights
67.1%
Army Black Knights
67.1%
Stanford Cardinal
66.7%
Princeton Tigers
65.4%
Princeton Tigers
65.4%
Princeton Tigers
65.4%
Princeton Tigers
65.4%
Mississippi Rebels
65.3%
Mississippi Rebels
65.3%
California Golden Bears
64.8%
California Golden Bears
64.8%
Virginia Tech Hokies
64.2%
Team % Correct
Arkansas Razorbacks
63.5%
TCU Horned Frogs
61.7%
TCU Horned Frogs
61.7%
Georgia Tech Yellow Jackets
60.8%
Georgia Tech Yellow Jackets
60.8%
Georgia Tech Yellow Jackets
60.8%
Colorado Buffaloes
57.4%
Minnesota Golden Gophers
56.6%
Clemson Tigers
54.9%
Pittsburgh Panthers
54.2%
Pittsburgh Panthers
54.3%
Kansas State Wildcats
51.1%
Missouri Tigers
50.9%
Cornell Big Red
50.1%
Cornell Big Red
50.1%
BYU Cougars
47.6%
Dartmouth Big Green
44.7%
Rutgers Scarlet Knights
44.3%
Rutgers Scarlet Knights
44.3%
Columbia Lions
42.7%
Duke Blue Devils
40.2%
Arizona State Sun Devils
38.5%
Arizona State Sun Devils
38.5%
Arizona State Sun Devils
38.5%
Vanderbilt Commodores
25.2%
Chicago Maroons
20.5%
Tulane Green Wave
16.4%
Wyoming Cowboys
12.9%
Villanova Wildcats
12.1%
Villanova Wildcats
12.1%
Villanova Wildcats
12.1%
Tulsa Golden Hurricane
10.3%
Lehigh Mountain Hawks
9.6%
Lafayette Leopards
7.1%
Lafayette Leopards
7.1%
Lafayette Leopards
7.1%
Holy Cross Crusaders
6.8%
Southern Mississippi Golden Eagles
6.8%
Carlisle Indians
6.4%
Central Michigan Chippewas
4.9%
Washington & Jefferson Presidents
4.8%
Washington & Jefferson Presidents
4.8%
Washington & Jefferson Presidents
4.8%
Furman Paladins
3%
Haskell Fighting Indians
2.8%

You're not logged in!

Compare scores with friends on all Sporcle quizzes.
Join for Free
OR
Log In

You Might Also Like...

Show Comments

Extras

Top Quizzes Today


Score Distribution

Your Account Isn't Verified!

In order to create a playlist on Sporcle, you need to verify the email address you used during registration. Go to your Sporcle Settings to finish the process.

Report this User

Report this user for behavior that violates our Community Guidelines.

Details: